[Event "Romanian-ch Open 2022"]
[Site "Eforie Nord"]
[Date "2022.02.26"]
[Round "8.27"]
[White "Craciun, Gheorghe"]
[Black "Coicev, Matei-Andrei"]
[Result "0-1"]
[WhiteElo "1655"]
[BlackElo "1970"]
[Annotator "NA"]
[PlyCount "118"]
[EventDate "2022.02.20"]
[EventType "swiss"]
[EventCountry "ROU"]
[SourceTitle "playchess.com"]
[Source "ChessBase"]
[SourceQuality "1"]
[TimeControl "40/5400+30:900+30"]

1. d4 {[%emt 0:00:02]} Nf6 {[%emt 0:00:31]} 2. Nc3 {[%emt 0:00:05]} d5 {[%emt 0:00:38]} 3. Bf4 {[%emt 0:00:06]} c5 {[%emt 0:00:43]} 4. e3 {[%emt 0:00:14]} cxd4 {[%emt 0:00:54]} 5. exd4 {[%emt 0:00:02]} Bg4 {[%emt 0:01:32]} 6. f3 {[%emt 0:00:22]} Bd7 {[%emt 0:00:55]} 7. Bd3 {[%emt 0:03:02]} e6 {[%emt 0:00:43]} 8. a3 {[%emt 0:00:25]} Be7 {[%emt 0:01:02]} 9. Nge2 {[%emt 0:01:18]} Nc6 {[%emt 0:00:51]} 10. Nb5 {[%emt 0:00:58]} O-O {[%emt 0:01:40]} 11. O-O {[%emt 0:00:53]} a6 {[%emt 0:01:46]} 12. Nbc3 {[%emt 0:02:05]} Rc8 {[%emt 0:02:36]} 13. b4 {[%emt 0:01:26]} Nxd4 {[%emt 0:04:22]} 14. Nxd4 {[%emt 0:00:02]} Rxc3 {[%emt 0:00:10]} 15. Qd2 {[%emt 0:00:17]} Rc8 {[%emt 0:02:05]} 16. Rac1 {[%emt 0:00:54]} Bc6 {[%emt 0:14:49]} 17. Nb3 {[%emt 0:05:48]} Ba4 {[%emt 0:11:47]} 18. Rfe1 {[%emt 0:02:33]} Bxb3 {[%emt 0:01:42]} 19. cxb3 {[%emt 0:00:02]} Qb6+ {[%emt 0:00:56]} 20. Kh1 {[%emt 0:00:44]} d4 {[%emt 0:15:25]} 21. Be5 {[%emt 0:00:50]} Kh8 {[%emt 0:07:27]} 22. Rxc8 {[%emt 0:00:37]} Rxc8 {[%emt 0:00:27]} 23. Rc1 {[%emt 0:00:12]} Rc6 {[%emt 0:02:57]} 24. Rc4 {[%emt 0:02:52]} Rxc4 {[%emt 0:03:55]} 25. Bxc4 {[%emt 0:00:13]} Qc6 {[%emt 0:01:30]} 26. Bxd4 {[%emt 0:04:44]} b5 {[%emt 0:02:17]} 27. Bd3 {[%emt 0:03:38]} Kg8 {[%emt 0:10:31]} 28. Qc2 {[%emt 0:03:00]} Qxc2 {[%emt 0:01:19]} 29. Bxc2 {[%emt 0:00:02]} Nd5 {[%emt 0:00:29]} 30. Kg1 {[%emt 0:01:27]} Kf8 {[%emt 0:00:35]} 31. Kf2 {[%emt 0:00:10]} g6 {[%emt 0:00:16]} 32. Be4 {[%emt 0:02:20]} Ke8 {[%emt 0:00:53]} 33. Bxd5 {[%emt 0:02:32]} exd5 {[%emt 0:00:07]} 34. Bc5 {[%emt 0:03:51]} Bf6 {[%emt 0:00:48]} 35. Ke3 {[%emt 0:00:35]} Kd7 {[%emt 0:00:07]} 36. a4 {[%emt 0:00:51]} bxa4 {[%emt 0:00:36]} 37. bxa4 {[%emt 0:00:02]} Kc6 {[%emt 0:00:06]} 38. Bf8 {[%emt 0:03:04]} Bc3 {[%emt 0:01:32]} 39. Kd3 {[%emt 0:00:17]} Be5 {[%emt 0:00:20]} 40. g3 {[%emt 0:00:00]} h5 {[%emt 0:00:00]} 41. f4 {[%emt 0:02:54]} Bb2 {[%emt 0:01:04]} 42. Kc2 {[%emt 0:03:01]} Bd4 {[%emt 0:00:13]} 43. Be7 {[%emt 0:03:05]} Bg1 {[%emt 0:02:17]} 44. h3 {[%emt 0:00:34]} Kd7 {[%emt 0:00:41]} 45. Bh4 {[%emt 0:01:36]} Bf2 {[%emt 0:01:20]} 46. Kd3 {[%emt 0:00:24]} Ke6 {[%emt 0:01:03]} 47. b5 {[%emt 0:00:26]} axb5 {[%emt 0:00:57]} 48. axb5 {[%emt 0:00:01]} f5 {[%emt 0:01:00]} 49. Ke2 {[%emt 0:00:33]} Bb6 {[%emt 0:00:21]} 50. Kf3 {[%emt 0:00:13]} d4 {[%emt 0:00:09]} 51. g4 {[%emt 0:00:11]} Kd5 {[%emt 0:00:33]} 52. gxh5 {[%emt 0:00:38]} gxh5 {[%emt 0:00:06]} 53. Ke2 {[%emt 0:00:37]} Ke4 {[%emt 0:02:06]} 54. Bg5 {[%emt 0:00:07]} d3+ {[%emt 0:02:08]} 55. Kd1 {[%emt 0:00:10]} Kd5 {[%emt 0:00:52]} 56. Kd2 {[%emt 0:00:08]} Kc4 {[%emt 0:00:21]} 57. h4 {[%emt 0:00:36]} Ba5+ {[%emt 0:00:23]} 58. Ke3 {[%emt 0:00:02]} Kc3 {[%emt 0:00:16]} 59. Bf6+ {[%emt 0:00:43]} Kc2 {[%emt 0:00:08]} 0-1

[Event "Romanian-ch Open 2022"]
[Site "Eforie Nord"]
[Date "2022.02.26"]
[Round "8.28"]
[White "Ciocani, Iosif"]
[Black "Sarighioleanu, Sebastian-Laure"]
[Result "1-0"]
[WhiteElo "1876"]
[BlackElo "2045"]
[Annotator "NA"]
[PlyCount "119"]
[EventDate "2022.02.20"]
[EventType "swiss"]
[EventCountry "ROU"]
[SourceTitle "playchess.com"]
[Source "ChessBase"]
[SourceQuality "1"]
[TimeControl "40/5400+30:900+30"]

1. e4 {[%emt 0:00:01]} c5 {[%emt 0:00:07]} 2. Nf3 {[%emt 0:00:06]} e6 {[%emt 0:00:07]} 3. d4 {[%emt 0:00:04]} cxd4 {[%emt 0:00:05]} 4. Nxd4 {[%emt 0:00:06]} a6 {[%emt 0:00:16]} 5. c4 {[%emt 0:00:04]} Nf6 {[%emt 0:00:26]} 6. Nc3 {[%emt 0:00:07]} Qc7 {[%emt 0:00:28]} 7. a3 {[%emt 0:00:34]} b6 {[%emt 0:00:47]} 8. Be3 {[%emt 0:00:50]} Bb7 {[%emt 0:01:11]} 9. f3 {[%emt 0:00:19]} d6 {[%emt 0:00:58]} 10. Qd2 {[%emt 0:00:33]} Nbd7 {[%emt 0:01:06]} 11. Be2 {[%emt 0:01:17]} Be7 {[%emt 0:01:59]} 12. O-O {[%emt 0:00:48]} O-O {[%emt 0:00:13]} 13. b4 {[%emt 0:00:42]} Rac8 {[%emt 0:03:01]} 14. Rac1 {[%emt 0:01:08]} Rfe8 {[%emt 0:02:17]} 15. Rc2 {[%emt 0:10:17]} Qb8 {[%emt 0:05:27]} 16. Rb1 {[%emt 0:03:11]} Ne5 {[%emt 0:18:09]} 17. Na4 {[%emt 0:04:55]} Nfd7 {[%emt 0:00:32]} 18. Bf1 {[%emt 0:07:19]} Rc7 {[%emt 0:10:23]} 19. Qf2 {[%emt 0:15:14]} Ba8 {[%emt 0:02:22]} 20. Rbc1 {[%emt 0:08:05]} h5 {[%emt 0:10:10]} 21. Nb3 {[%emt 0:16:25]} Rc6 {[%emt 0:14:32]} 22. Be2 {[%emt 0:16:59]} Bd8 {[%emt 0:03:33]} 23. h3 {[%emt 0:04:34]} h4 {[%emt 0:07:44]} 24. Nb2 {[%emt 0:01:42]} Be7 {[%emt 0:04:30]} 25. f4 {[%emt 0:00:34]} Ng6 {[%emt 0:00:28]} 26. Bf3 {[%emt 0:00:06]} Rcc8 {[%emt 0:00:58]} 27. Na4 {[%emt 0:00:38]} Bc6 {[%emt 0:02:30]} 28. Nc3 {[%emt 0:01:17]} Bf6 {[%emt 0:03:18]} 29. b5 {[%emt 0:01:06]} Ba8 {[%emt 0:01:15]} 30. Na4 {[%emt 0:02:07]} axb5 {[%emt 0:00:32]} 31. cxb5 {[%emt 0:00:09]} Nc5 {[%emt 0:00:43]} 32. Naxc5 {[%emt 0:01:10]} dxc5 {[%emt 0:00:13]} 33. e5 {[%emt 0:00:40]} Bd8 {[%emt 0:02:45]} 34. Nd2 {[%emt 0:01:06]} Bc7 {[%emt 0:02:34]} 35. Nc4 {[%emt 0:01:04]} Rcd8 {[%emt 0:01:08]} 36. a4 {[%emt 0:01:43]} Qa7 {[%emt 0:00:59]} 37. Ra1 {[%emt 0:00:53]} Bd5 {[%emt 0:00:33]} 38. a5 {[%emt 0:00:34]} bxa5 {[%emt 0:00:30]} 39. Bxc5 {[%emt 0:00:31]} Qa8 {[%emt 0:00:37]} 40. Bxd5 {[%emt 0:00:00]} Qxd5 {[%emt 0:00:00]} 41. b6 {[%emt 0:06:14]} Bb8 {[%emt 0:00:44]} 42. Nd6 {[%emt 0:00:36]} Re7 {[%emt 0:04:47]} 43. Rd2 {[%emt 0:02:12]} Qc6 {[%emt 0:07:09]} 44. Rxa5 {[%emt 0:01:19]} Red7 {[%emt 0:00:44]} 45. Ba3 {[%emt 0:03:33]} Bxd6 {[%emt 0:01:16]} 46. Rxd6 {[%emt 0:01:29]} Qe4 {[%emt 0:02:17]} 47. Ra7 {[%emt 0:01:26]} Nf8 {[%emt 0:01:20]} 48. b7 {[%emt 0:01:48]} Rb8 {[%emt 0:00:46]} 49. Rxd7 {[%emt 0:01:45]} Nxd7 {[%emt 0:00:01]} 50. Bd6 {[%emt 0:00:30]} Qb1+ {[%emt 0:01:13]} 51. Kh2 {[%emt 0:00:11]} Re8 {[%emt 0:00:43]} 52. Ra8 {[%emt 0:00:36]} Nb8 {[%emt 0:00:31]} 53. Rxb8 {[%emt 0:00:23]} Rxb8 {[%emt 0:00:02]} 54. Bxb8 {[%emt 0:00:09]} Qxb7 {[%emt 0:00:03]} 55. Bd6 {[%emt 0:00:07]} Qe4 {[%emt 0:00:26]} 56. Qxh4 {[%emt 0:00:17]} Qf5 {[%emt 0:00:43]} 57. Qg4 {[%emt 0:00:29]} Qd3 {[%emt 0:00:24]} 58. Be7 {[%emt 0:00:39]} Qh7 {[%emt 0:00:50]} 59. Bf6 {[%emt 0:01:15]} Kf8 {[%emt 0:00:12]} 60. Qxg7+ {[%emt 0:00:29]} 1-0

[Event "Romanian-ch Open 2022"]
[Site "Eforie Nord"]
[Date "2022.02.26"]
[Round "8.29"]
[White "Tudor, Henry Edward"]
[Black "Prelipcean, Eric-Matei"]
[Result "1/2-1/2"]
[WhiteElo "1879"]
[BlackElo "1935"]
[Annotator "NA"]
[PlyCount "149"]
[EventDate "2022.02.20"]
[EventType "swiss"]
[EventCountry "ROU"]
[SourceTitle "playchess.com"]
[Source "ChessBase"]
[SourceQuality "1"]
[TimeControl "40/5400+30:900+30"]

1. d4 {[%emt 0:00:03]} Nf6 {[%emt 0:00:06]} 2. c4 {[%emt 0:00:09]} g6 {[%emt 0:00:07]} 3. Nc3 {[%emt 0:00:07]} d5 {[%emt 0:00:05]} 4. Bg5 {[%emt 0:00:39]} Ne4 {[%emt 0:00:15]} 5. Nxe4 {[%emt 0:00:45]} dxe4 {[%emt 0:00:13]} 6. Qd2 {[%emt 0:00:07]} Bg7 {[%emt 0:01:13]} 7. O-O-O {[%emt 0:03:58]} h6 {[%emt 0:03:05]} 8. Bf4 {[%emt 0:01:33]} Nc6 {[%emt 0:00:43]} 9. e3 {[%emt 0:18:28]} O-O {[%emt 0:03:19]} 10. Ne2 {[%emt 0:03:00]} f5 {[%emt 0:01:17]} 11. f3 {[%emt 0:09:06]} e5 {[%emt 0:07:36]} 12. Bg3 {[%emt 0:01:08]} f4 {[%emt 0:12:45]} 13. exf4 {[%emt 0:05:45]} exf3 {[%emt 0:02:02]} 14. gxf3 {[%emt 0:02:29]} exd4 {[%emt 0:00:07]} 15. Bf2 {[%emt 0:01:00]} Qf6 {[%emt 0:00:16]} 16. Rg1 {[%emt 0:05:13]} Kh7 {[%emt 0:10:16]} 17. h4 {[%emt 0:15:47]} h5 {[%emt 0:15:01]} 18. Rg5 {[%emt 0:20:38]} Bf5 {[%emt 0:08:01]} 19. Ng3 {[%emt 0:01:28]} Bh6 {[%emt 0:00:27]} 20. Rxf5 {[%emt 0:02:10]} gxf5 {[%emt 0:00:36]} 21. Nxh5 {[%emt 0:00:02]} Qg6 {[%emt 0:00:58]} 22. Ng3 {[%emt 0:00:40]} Qd6 {[%emt 0:00:40]} 23. Ne2 {[%emt 0:01:36]} Rad8 {[%emt 0:01:45]} 24. Kb1 {[%emt 0:02:56]} d3 {[%emt 0:02:12]} 25. Nc3 {[%emt 0:00:33]} Qxf4 {[%emt 0:06:01]} 26. Qxf4 {[%emt 0:00:22]} Bxf4 {[%emt 0:00:02]} 27. Bxd3 {[%emt 0:00:03]} b6 {[%emt 0:00:41]} 28. a3 {[%emt 0:01:34]} Be5 {[%emt 0:03:10]} 29. Nd5 {[%emt 0:00:39]} Bd6 {[%emt 0:00:42]} 30. Be3 {[%emt 0:02:12]} Ne5 {[%emt 0:00:35]} 31. Bg5 {[%emt 0:00:23]} Rc8 {[%emt 0:00:55]} 32. Bc2 {[%emt 0:01:01]} Nxf3 {[%emt 0:01:34]} 33. Bf6 {[%emt 0:00:33]} Kg6 {[%emt 0:00:49]} 34. h5+ {[%emt 0:00:44]} Kxh5 {[%emt 0:02:24]} 35. Bxf5 {[%emt 0:00:03]} Rce8 {[%emt 0:00:21]} 36. Rd3 {[%emt 0:01:05]} Ng5 {[%emt 0:01:05]} 37. Rd1 {[%emt 0:00:27]} Re2 {[%emt 0:01:59]} 38. Rg1 {[%emt 0:00:29]} Rf2 {[%emt 0:00:54]} 39. Rxg5+ {[%emt 0:00:15]} Kh6 {[%emt 0:00:06]} 40. Bg4 {[%emt 0:00:00]} R2xf6 {[%emt 0:00:00]} 41. Rh5+ {[%emt 0:00:51]} Kg6 {[%emt 0:03:05]} 42. Nxf6 {[%emt 0:00:17]} Rxf6 {[%emt 0:00:05]} 43. Rd5 {[%emt 0:02:44]} Rf4 {[%emt 0:00:43]} 44. Be2 {[%emt 0:01:16]} Rf2 {[%emt 0:00:01]} 45. Bd3+ {[%emt 0:01:22]} Kf6 {[%emt 0:00:01]} 46. Rh5 {[%emt 0:00:34]} Be5 {[%emt 0:00:23]} 47. Bc2 {[%emt 0:00:26]} Ke6 {[%emt 0:00:38]} 48. Rh6+ {[%emt 0:01:30]} Bf6 {[%emt 0:00:05]} 49. Rh5 {[%emt 0:00:23]} Kd6 {[%emt 0:00:22]} 50. Rd5+ {[%emt 0:00:10]} Ke6 {[%emt 0:00:25]} 51. Rh5 {[%emt 0:00:01]} c6 {[%emt 0:02:37]} 52. c5 {[%emt 0:01:34]} b5 {[%emt 0:00:25]} 53. Bb3+ {[%emt 0:01:04]} Kd7 {[%emt 0:01:01]} 54. Rh7+ {[%emt 0:01:29]} Kc8 {[%emt 0:00:52]} 55. Bc2 {[%emt 0:00:47]} Kb8 {[%emt 0:01:02]} 56. Rf7 {[%emt 0:01:29]} a5 {[%emt 0:01:16]} 57. Rf8+ {[%emt 0:00:33]} Kc7 {[%emt 0:00:06]} 58. Rf7+ {[%emt 0:00:02]} Kd8 {[%emt 0:00:37]} 59. Rf8+ {[%emt 0:00:12]} Kd7 {[%emt 0:01:08]} 60. Ra8 {[%emt 0:01:23]} a4 {[%emt 0:00:08]} 61. Ra6 {[%emt 0:00:22]} Rf1+ {[%emt 0:01:49]} 62. Ka2 {[%emt 0:00:01]} Rc1 {[%emt 0:00:12]} 63. Bf5+ {[%emt 0:00:14]} Kc7 {[%emt 0:00:08]} 64. Ra7+ {[%emt 0:00:59]} Kb8 {[%emt 0:01:06]} 65. Rf7 {[%emt 0:00:50]} Be5 {[%emt 0:00:21]} 66. Rf8+ {[%emt 0:00:30]} Kc7 {[%emt 0:00:06]} 67. Rf7+ {[%emt 0:01:00]} Kd8 {[%emt 0:00:16]} 68. Rd7+ {[%emt 0:01:22]} Ke8 {[%emt 0:00:07]} 69. Rd2 {[%emt 0:00:10]} Rxc5 {[%emt 0:00:06]} 70. Rc2 {[%emt 0:00:01]} Rxc2 {[%emt 0:05:52]} 71. Bxc2 {[%emt 0:00:01]} Kd7 {[%emt 0:00:01]} 72. b3 {[%emt 0:00:15]} axb3+ {[%emt 0:01:10]} 73. Kxb3 {[%emt 0:00:02]} c5 {[%emt 0:03:08]} 74. a4 {[%emt 0:00:06]} bxa4+ {[%emt 0:00:03]} 75. Kxa4 {[%emt 0:00:02]} 1/2-1/2

[Event "Romanian-ch Open 2022"]
[Site "Eforie Nord"]
[Date "2022.02.26"]
[Round "8.30"]
[White "Bobocea, Laurentiu-Vlad"]
[Black "Chis, Bogdan-Vasile"]
[Result "1/2-1/2"]
[WhiteElo "1987"]
[BlackElo "1685"]
[Annotator "ChessBase"]
[PlyCount "33"]
[EventDate "2022.02.20"]
[EventType "swiss"]
[EventCountry "ROU"]
[SourceTitle "playchess.com"]
[Source "ChessBase"]
[SourceQuality "1"]
[TimeControl "40/5400+30:900+30"]

1. d4 {[%emt 0:03:38]} d5 {[%emt 0:00:02]} 2. c4 {[%emt 0:00:04]} e5 {[%emt 0:00:04]} 3. dxe5 {[%emt 0:00:05]} d4 {[%emt 0:00:02]} 4. Nf3 {[%emt 0:00:06]} Nc6 {[%emt 0:00:07]} 5. a3 {[%emt 0:00:02]} Nge7 {[%emt 0:00:09]} 6. b4 {[%emt 0:00:33]} Ng6 {[%emt 0:00:47]} 7. Bb2 {[%emt 0:00:30]} a5 {[%emt 0:04:35]} 8. b5 {[%emt 0:02:58]} Ncxe5 {[%emt 0:00:15]} 9. Nxe5 {[%emt 0:00:08]} Nxe5 {[%emt 0:00:20]} 10. Qxd4 {[%emt 0:00:20]} Qxd4 {[%emt 0:02:11]} 11. Bxd4 {[%emt 0:00:02]} Nxc4 {[%emt 0:01:14]} 12. e4 {[%emt 0:00:41]} Be6 {[%emt 0:02:05]} 13. Be2 {[%emt 0:04:59]} O-O-O {[%emt 0:17:15]} 14. Bc3 {[%emt 0:08:44]} b6 {[%emt 0:00:15]} 15. O-O {[%emt 0:07:44]} f6 {[%emt 0:00:27]} 16. Rc1 {[%emt 0:06:07]} Ne5 {[%emt 0:04:14]} 17. a4 {[%emt 1:02:19]} 1/2-1/2

[Event "Romanian-ch Open 2022"]
[Site "Eforie Nord"]
[Date "2022.02.27"]
[Round "9.1"]
[White "Georgescu, Tiberiu-Marian"]
[Black "Parligras, Mircea-Emilian"]
[Result "1/2-1/2"]
[WhiteElo "2467"]
[BlackElo "2575"]
[Annotator "TA"]
[PlyCount "44"]
[EventDate "2022.02.20"]
[EventType "swiss"]
[EventCountry "ROU"]
[SourceTitle "playchess.com"]
[Source "ChessBase"]
[SourceQuality "1"]

{[%evp 13,44,6,15,0,0,0,0,0,0,0,0,0,0,0,0,0,0,0,0,0,0,0,0,0,0,0,0,0,0,0,0,0,0]} 1. d4 Nf6 2. c4 e6 3. Nc3 Bb4 4. Qc2 O-O 5. e4 d5 6. e5 Ne4 7. Bd3 c5 $1 {[#] Strongly threatening ...Nc6. The position is equal.} 8. Nf3 {E32: Nimzo-Indian: Classical (4 Qc2): 4...0-0.} cxd4 9. Nxd4 Nd7 10. Bf4 Qh4 11. g3 Qh5 12. O-O Bxc3 13. bxc3 g5 $1 ({But not} 13... Nxe5 14. Be2 Ng4 15. Bxg4 Qxg4 16. f3 $16) 14. cxd5 exd5 15. Be2 {15.Be3 is setting a new trend.} Qh3 16. Be3 Nxe5 {[#]} 17. Rfe1 $146 ({Predecessor:} 17. f3 Nxg3 18. hxg3 Qxg3+ 19. Kh1 Qh3+ 20. Kg1 Qg3+ {½-½ (20) Jovanic,O (2524)-Saric,A (2541) Vinkovci 2020}) 17... Bd7 18. f3 Nxg3 19. hxg3 Qxg3+ 20. Kh1 Qh3+ 21. Kg1 {Black must now prevent Bf1. Chess con chili.} Qg3+ 22. Kh1 Qh3+ {An even fight not without its subleties.  Weighted Error Value: White=0.02 (flawless) /Black=0.00 (flawless)} 1/2-1/2

[Event "Romanian-ch Open 2022"]
[Site "Eforie Nord"]
[Date "2022.02.27"]
[Round "9.2"]
[White "Anton, Teodor"]
[Black "Lupulescu, Constantin"]
[Result "1/2-1/2"]
[WhiteElo "2457"]
[BlackElo "2620"]
[Annotator "TA"]
[PlyCount "39"]
[EventDate "2022.02.20"]
[EventType "swiss"]
[EventCountry "ROU"]
[SourceTitle "playchess.com"]
[Source "ChessBase"]
[SourceQuality "1"]

{[%evp 21,24,27,29,32,41]} 1. d4 Nf6 2. c4 e6 3. Nc3 d5 4. Bg5 Nbd7 5. e3 c6 6. cxd5 exd5 7. Bd3 Be7 8. h3 O-O 9. Qc2 Re8 10. Nf3 Nf8 11. O-O-O a5 12. g4 {D36: Queen's Gambit Declined: Exchange Variation: Main line (5 Bg5 c6 6 Qc2).} a4 {[#]} {Predecessor:} 13. Kb1 $146 Qa5 14. a3 Be6 15. Bxf6 Bxf6 16. g5 Be7 17. Ne5 Bxg5 18. f4 Bf6 19. h4 Bxe5 20. fxe5 {1-0 (41) Yu,Y (2738)-Wang,Y (2718) China 2016} 1/2-1/2

[Event "Romanian-ch Open 2022"]
[Site "Eforie Nord"]
[Date "2022.02.27"]
[Round "9.3"]
[White "Nanu, Costica-Ciprian"]
[Black "Nevednichy, Vladislav"]
[Result "1/2-1/2"]
[WhiteElo "2513"]
[BlackElo "2498"]
[Annotator "TA"]
[PlyCount "51"]
[EventDate "2022.02.20"]
[EventType "swiss"]
[EventCountry "ROU"]
[SourceTitle "playchess.com"]
[Source "ChessBase"]
[SourceQuality "1"]

{[%evp 9,51,25,23,19,32,27,24,32,31,29,28,28,27,0,22,8,15,0,0,0,0,0,0,0,0,0,3,0,4,0,0,-21,11,10,17,0,0,0,12,0,0,0,8,0]} 1. Nf3 Nf6 2. c4 e6 3. d4 d5 4. Nc3 a6 5. cxd5 exd5 6. Bg5 {D37: Queen's Gambit Declined: 5 Bf4.} Be6 7. e3 Nbd7 8. Bd3 {White has an edge.} Bd6 9. O-O c6 $1 {The main line 9...c6 scores better than 9...0-0.} 10. Bf4 Qb8 {[#]} 11. Ne2 $146 (11. Qd2 {is interesting.} O-O 12. h3 Re8 13. Rfe1 Qc7 14. Bc2) ({Predecessor:} 11. Bxd6 Qxd6 12. Rc1 Bg4 13. h3 Bh5 14. Be2 O-O 15. Ne1 Bg6 16. Bd3 Rfe8 17. Bxg6 hxg6 {0-1 (46) Vidit,S (2702)-Aronian,L (2765) Kolkata 2018}) 11... O-O {The position is equal.} 12. Bxd6 Qxd6 13. Ng3 Bg4 14. h3 Bxf3 15. Qxf3 g6 16. Rac1 Rfe8 17. a3 Re7 18. Rfd1 Rae8 19. b4 Nb6 20. Rc2 Re6 21. Rdc1 Kg7 22. Bf5 R6e7 23. Bd3 {To avoid Nc4} Re6 24. Bf5 R6e7 25. Bd3 {Inhibits Nc4.} Re6 26. Qd1 {A rather calm draw.  Weighted Error Value: White=0.06 (flawless) /Black=0.04 (flawless)} 1/2-1/2

[Event "Romanian-ch Open 2022"]
[Site "Eforie Nord"]
[Date "2022.02.27"]
[Round "9.4"]
[White "Gavrilescu, David"]
[Black "Secheres, Adrian-Simion"]
[Result "1-0"]
[WhiteElo "2512"]
[BlackElo "2363"]
[Annotator "TA"]
[PlyCount "61"]
[EventDate "2022.02.20"]
[EventType "swiss"]
[EventCountry "ROU"]
[SourceTitle "playchess.com"]
[Source "ChessBase"]
[SourceQuality "1"]

{[%evp 18,61,0,-6,-3,-6,20,10,19,29,27,0,35,45,47,49,41,41,38,48,88,66,80,70,88,75,172,175,278,277,470,476,1072,1066,882,224,268,167,436,466,455,459,425,437,725,677]} 1. e4 e5 2. Nf3 Nc6 3. d4 exd4 4. Nxd4 Nf6 {[%cal Bg8f6,Bf6d5,Bd5b6][%mdl 32]} 5. Nxc6 bxc6 6. e5 Qe7 7. Qe2 Nd5 8. c4 Nb6 9. Nc3 Qe6 10. Qe4 g6 {C45: Scotch Game.} 11. Bd2 a5 12. Bd3 Bg7 {The position is equal.} 13. O-O O-O 14. f4 d5 15. cxd5 cxd5 16. Qf3 Ba6 17. Bxa6 Rxa6 18. b3 {[#]} f6 $146 ({Predecessor:} 18... a4 19. Nb5 Qd7 20. Qd3 Rfa8 21. Rac1 c6 22. Nd4 axb3 23. axb3 Nc8 24. Bb4 Qb7 {0-1 (37) Konguvel,P (2357)-Shetty,R (2243) Mumbai 2013}) 19. Qd3 Raa8 20. Nb5 $36 {[%mdl 2048] Black is under pressure.} Qe7 21. Rac1 {White is much more active.} fxe5 (21... c5 $16 {keeps fighting.}) 22. Rxc7 $18 Qd8 (22... Qf6 {might work better.} 23. Rfc1 (23. Qh3 d4 $14) 23... Rae8) 23. Qh3 {Threatens to win with Qe6+.} Qf6 {Inhibits Qe6+.} (23... Rb8 24. Bxa5 (24. fxe5 Rxf1+ 25. Kxf1 Qe8 $16) 24... Qf6) 24. Rfc1 {Strongly threatening R1c6.} (24. Bc3 d4 25. Bd2 e4 $17) 24... Rab8 (24... Nc8 $142 25. R1c6 Qf5) 25. R1c6 Qf5 26. Qxf5 $2 (26. g4 Qb1+ 27. Rc1 Qxa2 {[#]} 28. Rxg7+ $1 {[%mdl 512]} Kxg7 29. Rc7+ Nd7 30. Rxd7+ Rf7 31. Rxf7+ Kxf7 32. Qxh7+ Ke8 33. Qg8+ Kd7 34. Qxd5+ Ke8 35. Qxe5+ Kf8 36. Qxb8+ Kf7 37. Qc7+ Kg8 38. Qd8+ Kf7 39. Qd5+ Ke8 40. Qe6+ Kf8 41. Qf6+ Ke8 42. Qxg6+ Kd8 43. Qd6+ Ke8 44. Nc7+ Kf7 45. Qd7+ Kg8 46. Qe8+ Kg7 47. Bc3+ Kh7 48. Qh8+ Kg6 49. Qh5#) 26... gxf5 27. fxe5 ({Less strong is} 27. Bxa5 Na8 $16) 27... Na8 $2 {[#]} (27... Bxe5 28. Re7 (28. Bxa5 Na8 $15) 28... Nd7) 28. Rxg7+ $1 {[%mdl 512] White is clearly winning.} Kxg7 29. Bh6+ Kg8 30. Bxf8 Rxb5 (30... Kxf8 $142 31. Nd6 f4) 31. Bc5 {Weighted Error Value: White=0.31/Black=0.57} 1-0

[Event "Romanian-ch Open 2022"]
[Site "Eforie Nord"]
[Date "2022.02.27"]
[Round "9.5"]
[White "Ghimpu, Samuel-Timotei"]
[Black "Miron, Lucian-Costin"]
[Result "1/2-1/2"]
[WhiteElo "2420"]
[BlackElo "2511"]
[Annotator "TA"]
[PlyCount "26"]
[EventDate "2022.02.20"]
[EventType "swiss"]
[EventCountry "ROU"]
[SourceTitle "playchess.com"]
[Source "ChessBase"]
[SourceQuality "1"]

{[%evp 14,26,-12,-6,12,8,28,0,0,8,18,22,23,27,15]} 1. d4 Nf6 {[%cal Bg8f6,Bf6e4,Be4d2][%mdl 32]} 2. c4 e6 3. Nc3 Bb4 4. Qb3 c5 5. dxc5 Nc6 6. Nf3 Ne4 7. Bd2 Nxd2 8. Nxd2 Qa5 {E23: Nimzo-Indian: 4 Qb3 c5 5 dxc5 Nc6.} 9. e3 O-O 10. Qc2 Qxc5 11. a3 {[#]} Qa5 $146 ({Predecessor:} 11... Ba5 12. Nde4 Qe7 13. O-O-O a6 14. Rd2 Rb8 15. Nd6 b5 16. cxb5 axb5 17. Bxb5 Ba6 {½-½ (25) Korelov,A-Saigin,V Leningrad 1962}) 12. Rc1 Be7 13. Be2 d6 {An uneventful encounter.  Weighted Error Value: White=0.05 (flawless) /Black=0.06 (flawless)} 1/2-1/2

[Event "Romanian-ch Open 2022"]
[Site "Eforie Nord"]
[Date "2022.02.27"]
[Round "9.6"]
[White "Manea, Alexandru"]
[Black "Szabo, Gergely-Andras-Gyula"]
[Result "0-1"]
[WhiteElo "2355"]
[BlackElo "2524"]
[Annotator "TA"]
[PlyCount "64"]
[EventDate "2022.02.20"]
[EventType "swiss"]
[EventCountry "ROU"]
[SourceTitle "playchess.com"]
[Source "ChessBase"]
[SourceQuality "1"]

{[%evp 32,64,0,0,0,-146,-138,-116,-129,-139,0,-97,-118,-137,-120,-133,-112,-219,-143,-291,-293,-393,-388,-828,-821,-792,-795,-967,-948,-856,-874,-29974,-29974,-1879,-1198]} 1. e4 c5 2. Nf3 d6 3. d4 cxd4 4. Nxd4 Nf6 5. Nc3 Nc6 6. Bc4 e6 7. Be3 a6 8. Bb3 Be7 9. Qe2 Qc7 10. O-O-O Na5 11. g4 b5 12. g5 Nxb3+ 13. axb3 Nd7 14. Nf5 exf5 15. Nd5 Qd8 16. exf5 Bb7 17. f6 $1 gxf6 {B89: Sicilian: Velimirovic Attack.} 18. gxf6 (18. Rhe1 $1 $11 {was the only way to keep the balance.} Bxd5 19. Rxd5) 18... Bxd5 $17 ({Don't do} 18... Nxf6 19. Bb6 $1 Bxd5 20. Bxd8 Kxd8 21. Rhe1 $14) 19. Rxd5 {aiming for Bd4.} Nxf6 {Black is better.} 20. Rf5 Rg8 (20... Qc8 $17 21. Qf3 Nd7) 21. Bd4 (21. Re1 $1 $11 Rb8 22. Bg5 Rxg5 23. Rxg5) 21... Kf8 $1 22. Qf3 {[%cal Rd4f6]} Rg6 23. h4 {[#] Strongly threatening h5.} h5 $1 {[#]} 24. Re1 $146 (24. Rh3 $17) ({Predecessor:} 24. Kb1 Rc8 25. Re1 d5 26. c3 Rc6 27. b4 Qd7 28. Qf4 Qc7 29. Qf3 a5 30. Rfe5 {½-½ (53) Shanava,K (2508)-Magalashvili,D (2490) Tbilisi 2009}) 24... Rc8 {And now ...d5 would win.} 25. c3 {[#] This costs White the game.} (25. Kd2 $17) 25... d5 $1 $19 ({Weaker is} 25... Kg8 26. Kb1 $17) 26. Rxe7 Qxe7 27. Bxf6 $2 (27. Rxf6 Rxf6 28. Qxf6 Qxf6 29. Bxf6) 27... Qe1+ 28. Qd1 Qe6 {[%csl LRf5,LRf6]} 29. Qf3 Rg1+ 30. Kc2 Qe1 31. b4 Qb1+ 32. Kb3 Rc1 {Weighted Error Value: White=1.10/Black=0.11 (very precise)} 0-1